01126nam a2200253 a 450000100100000000500170001000800410002702000150006804000250008310000330010824500530014125000120019426000940020630000270030049000220032750000680034950400270041771000550044483000290049995201110052895201110063995201050075099900170085500004037520201002034107.0130823s2001 mx 000 0 spa d a9683690343 aDO-SdBNPbspacBNPHU1 aOvalle Favela, José96667510aDerechos del consumidor /cJosé Ovalle Favela. a2a. ed. aMéxico :bUniversidad Nacional Autónoma de México :bCámara de Diputados;,c2001. a99 p. :bil. ;c22 cm.1 aNuestros derechos aIncluye datos biográficos de los autores en la contracubierta aBibliografía : p. 992 aUniversidad Nacional Autónoma de México942447 0aNuestros derechos966667 001050718MOaGRbGRcCTd2013-08-22iLF1l0o p40375-10r2020-06-25te. 3w2020-06-25y1ZNo se presta 001050718MOaGRbGRcCTd2013-08-22iLF1l0o p40375-20r2020-06-25te. 2w2020-06-25y1ZNo se presta 001050718MOaGRbGRcCTd2013-08-22iLF1l0o p40375-30r2020-06-25w2020-06-25y1ZNo se presta c39865d39865